000 00579nam a22002297a 4500
003 UA-OsUOA
001 64598
007 ta
008 20091106b un ||||| |||| 00| 0 ukr d
100 _aЩусев П. В.
090 _a72
_bЩ98
942 _cBK
040 _aUA-OsUOA
_brus
_cUA-OsUOA
_dUA-OsUOA
245 _aМосты и их архитектура
300 _a356 с.
955 _a1
041 _arus
080 _a72
260 _aМ.
_bГосударственное издательство литературы
_c1953
650 7 _2UDC
999 _c350739
_d350739